000 00984cam a2200301 i 4500
001 41261
003 Mx-PuUPA
005 20250708141757.0
008 140415s2004 mx gr 000 0 spa d
020 _a9685807019
040 _aMx-PuUPA
_bspa
_cMx-PuUPA
_dMx-PuUPA
_erda
041 0 _aspa
100 1 _aBeuchot, Mauricio,
_d1950-
_eautor
_914180
245 1 0 _aHermenéutica, analogía y símbolo /
_cMauricio Beuchot
264 1 _aQuerétaro, México :
_bEditorial Herder,
_c©2004
300 _a191 páginas ;
_c22 cm
336 _2rdacontent
_atexto
_btxt
337 _2rdamedia
_asin medio
_bn
338 _2rdacarrier
_avolumen
_bnc
650 7 _2armarc
_aAnalogía (Filosofía)
650 7 _2armarc
_aHermeneútica
650 7 _2armarc
_aSignos y símbolos
650 7 _2armarc
_aAnalogía
942 _2ddc
_cLI
_h121.686
_iB66
999 _c41261
_d41261